00603nam a2200169Ia 450000500170000000800410001702000150005808200130007310000100008624500860009626000610018230000130024350000580025694200060031495200980032099900150041820240927080943.0240331s9999 xx 000 0 und d a955625000X bALTa808 aMWRAF 0aAlternative perspectives :bA collection of essays on contemporary Muslim Society aSrilankabMuslim Women's Research And Action Forumc1997 a106 p ., aA collection of essays on contemporary Muslim society cL 001040708LaWERCLbWERCLcSSCd2024-03-31l0o 808.84 ALTp5671r2024-03-31w2024-03-31yL c3125d3125